Quiz sur la série violetta - Statistiques

Statistiques générales
  • Ce quiz a été pris 4 306 fois
  • Le résultat moyen est 11 sur 15
Statistiques - réponses
Question Réponse % Correct
Avec quel garçon Violetta finit-elle à la fin de la série ? Leon
99%
De qui Maxi est-il amoureux? Nata
92%
Comment se prénomme la mère de Ludmilla? Priscilla
92%
De quelle origine est Broadway ? Bresilien
90%
Vrai ou faux : Francesca a été amoureuse de Léon ? Faux
89%
Comment se prénomme le frère de Francesca ? Luca
89%
Quelle profession Angie exerce t-elle au sein du studio? Professeur de chant
89%
Dans la 2ème saison, comment se prénomme la jeune femme dont German tombera amoureux? Esmeralda
78%
Quelle est la profession exercé par Broadway avant d'intégrer le studio ? Danseur
70%
Dans le 1er épisode de la saison 1, quelle style adopte Camilla? hyppie
70%
Quel est le prenom de l'acteur qui incarne Maxi? Facundo
68%
De quelle chanson sont extraites ces paroles Sabés cuál es la verdad, Es el latido de tu corazón!Sabés que lo puedes escuchar! Junto al mío!" Hoy somos mas
52%
Quelle chanson interprète Marco à la soirée karaoké de la saison 2? Junto a ti
48%
Complétez les paroles de habla si puedes: "Si no puedes escuchar Aunque insistas hablaré" Si lo quieres mírame
43%
De quelle couleur est la tenue de Violetta dans le clip "habla si puedes"? Or
40%
Aucun quiz correspondant
Distribution des résultats
% des personnes avec chaque résultat
Percentile par nombre de réponses
Votre historique - résultats
Vous n’avez pas pris ce quiz